| 000 | 00698nam a2200229Ia 4500 | ||
|---|---|---|---|
| 003 | OSt | ||
| 005 | 20241029105811.0 | ||
| 008 | 210716s1988 xx 000 0 und d | ||
| 020 | _a0871500922 | ||
| 040 | _cAIMIT LIBRARY | ||
| 041 | _aeng | ||
| 082 |
_a519.5 _21 _bMILR |
||
| 100 |
_aMiller, Robert B. _9183627 |
||
| 245 |
_aMinitab handbook for business and economics / _cBy Robert B Miller. |
||
| 250 | _a1st ed. | ||
| 260 |
_aBoston : _bPWS Kent Publishing Company , _c1988. |
||
| 300 |
_ax,331p. ; _bPB _c24.2 cm |
||
| 650 |
_aPlotting data _9183628 |
||
| 650 |
_aComparing two or more sets of data _9183629 |
||
| 650 |
_aTime series analysis _9183630 |
||
| 942 |
_2ddc _cBK _e1st _k519.5 MILP |
||
| 999 |
_c198265 _d198265 |
||